[Event "Orsha IM Group 2019"]
[Site "Orsha"]
[Date "2019.01.20"]
[Round "5.3"]
[White "Tsaruk, Maksim"]
[Black "Kononenko, Dmitry"]
[Result "1/2-1/2"]
[WhiteElo "2244"]
[BlackElo "2222"]
[PlyCount "143"]
[EventDate "2019.01.18"]
[EventType "swiss"]
[EventRounds "9"]
[EventCountry "BLR"]

1. e4 e5 2. Nf3 Nf6 3. d4 Nxe4 4. Bd3 d5 5. Nxe5 Bd6 6. O-O O-O 7. c4 c6 8. Nc3
f6 9. Nf3 Nxc3 10. bxc3 Bg4 11. h3 Bh5 12. cxd5 cxd5 13. Bf5 Nc6 14. Qd3 h6 15.
Nh4 Ne7 16. Be6+ Bf7 17. Bxf7+ Rxf7 18. Nf5 Nxf5 19. Qxf5 Qd7 20. Qf3 Re8 21.
Rb1 Re4 22. c4 Rxd4 23. Be3 Rxc4 24. Rfd1 d4 25. Bxd4 Rxd4 26. Rxd4 Bh2+ 27.
Kxh2 Qxd4 28. Rd1 Qe5+ 29. g3 f5 30. Qb3 Qe7 31. Rd4 Kh7 32. Qc2 Qe5 33. Qd3 g6
34. Rd7 Rxd7 35. Qxd7+ Qg7 36. Qe8 h5 37. h4 Qc7 38. a4 f4 39. Kh3 fxg3 40.
fxg3 b6 41. Kg2 Qb7+ 42. Kg1 a6 43. g4 hxg4 44. h5 Qg7 45. hxg6+ Qxg6 46. Qd7+
Kh6 47. Qd2+ Kh5 48. Qh2+ Kg5 49. Qe5+ Qf5 50. Qe3+ Qf4 51. Qxb6 Qxa4 52. Qc5+
Kf4 53. Qf2+ Ke5 54. Qe3+ Kd5 55. Qg5+ Kc6 56. Qf6+ Kb7 57. Qe7+ Kb6 58. Qd8+
Kc5 59. Qg5+ Kb6 60. Qd8+ Kb5 61. Qg5+ Kb4 62. Qd2+ Ka3 63. Qc3+ Ka2 64. Qd2+
Kb1 65. Qd3+ Kc1 66. Qe3+ Kb1 67. Qd3+ Kb2 68. Qe2+ Kc3 69. Qe3+ Kb4 70. Qd4+
Kb5 71. Qd5+ Kb6 72. Qd8+ $11 1/2-1/2

[Event "Orsha IM Group 2019"]
[Site "Orsha"]
[Date "2019.01.20"]
[Round "5.4"]
[White "Yashmetov, Mikhail"]
[Black "Hoghmrtsyan, Artur"]
[Result "1/2-1/2"]
[WhiteElo "2359"]
[BlackElo "2303"]
[PlyCount "86"]
[EventDate "2019.01.18"]
[EventType "swiss"]
[EventRounds "9"]
[EventCountry "BLR"]

1. d4 d5 2. c4 e6 3. Nf3 Nf6 4. g3 Bb4+ 5. Bd2 Bd6 6. Bg2 O-O 7. O-O c6 8. Nc3
Nbd7 9. b3 h6 10. Qc2 dxc4 11. bxc4 e5 12. Rfd1 Qe7 13. Nh4 exd4 14. Nf5 Qe6
15. Nxd6 Qxd6 16. Bf4 Ne5 17. Ne4 Qe7 18. Rxd4 Bf5 19. Nxf6+ Qxf6 20. Qd1 Rfe8
21. Rd6 Qe7 22. Qd4 Ng6 23. Be3 Qe5 24. Rd1 Be6 25. Qd3 Qb2 26. Bd4 Qxa2 27.
Rc1 Red8 28. Rxd8+ Rxd8 29. Qc3 Qxe2 30. Bf3 Qa2 31. Bxg7 Qxc4 32. Qb2 Qb5 33.
Qa1 Kh7 34. Bf6 Rd2 35. Qxa7 Qd3 36. Qe3 Qxe3 37. fxe3 Bd5 38. e4 Be6 39. Ra1
Nf8 40. Ra8 Nd7 41. Bc3 Rd3 42. Rh8+ Kg6 43. Rg8+ Kh7 1/2-1/2

[Event "Orsha IM Group 2019"]
[Site "Orsha"]
[Date "2019.01.20"]
[Round "5.5"]
[White "Novitzkij, Dmitrij"]
[Black "Goltseva, Ekaterina"]
[Result "1-0"]
[WhiteElo "2312"]
[BlackElo "2141"]
[PlyCount "81"]
[EventDate "2019.01.18"]
[EventType "swiss"]
[EventRounds "9"]
[EventCountry "BLR"]

1. e4 e6 2. d4 d5 3. exd5 exd5 4. Nf3 Nc6 5. Be2 Bd6 6. O-O Nge7 7. b3 Bg4 8.
Bb2 O-O 9. Ne5 Bxe2 10. Qxe2 Nf5 11. Qg4 Qc8 12. Nxc6 bxc6 13. Nd2 Nh6 14. Qxc8
Raxc8 15. Rfe1 Rfe8 16. Nf3 f6 17. Kf1 Kf7 18. c4 g6 19. Rac1 Rb8 20. Rc2 Rxe1+
21. Nxe1 Nf5 22. Nd3 Ng7 23. c5 Be7 24. Bc3 Ne6 25. b4 Ke8 26. Rb2 Kd7 27. Rb3
Bf8 28. Ra3 Ra8 29. Ra6 Bg7 30. Nc1 f5 31. Nb3 Bh8 32. g3 Bg7 33. Ke2 Re8 34.
Kd3 Ng5 35. Bd2 Nf3 36. Rxa7 Nxh2 37. Bf4 Rc8 38. a4 Bf6 39. b5 g5 40. Bxc7 Ke6
41. b6 1-0

[Event "Orsha IM Group 2019"]
[Site "Orsha"]
[Date "2019.01.21"]
[Round "6.1"]
[White "Badelka, Olga"]
[Black "Goltseva, Ekaterina"]
[Result "1-0"]
[WhiteElo "2387"]
[BlackElo "2141"]
[PlyCount "111"]
[EventDate "2019.01.18"]
[EventType "swiss"]
[EventRounds "9"]
[EventCountry "BLR"]

1. c4 Nf6 2. Nc3 c5 3. Nf3 e6 4. d4 cxd4 5. Nxd4 d5 6. Bg5 e5 7. Nc2 d4 8. Nd5
Be7 9. Nxe7 Qxe7 10. e3 dxe3 11. fxe3 h6 12. Bxf6 Qxf6 13. Qf3 Qe7 14. Bd3 O-O
15. O-O Nc6 16. Be4 Be6 17. b3 Rac8 18. Rad1 Rfd8 19. Bxc6 Rxd1 20. Rxd1 Rxc6
21. Ne1 a5 22. Qe4 Qc7 23. Nd3 Rd6 24. Rc1 f6 25. h3 Rd8 26. Nf4 Bf7 27. Ne2
Rd2 28. Rc2 Rd1+ 29. Kf2 Qd7 30. Nc3 Rd6 31. Kg3 Be6 32. Rf2 Qf7 33. Kh2 Rd8
34. Qc2 Qe7 35. Rd2 f5 36. Nd5 Qf7 37. Qc3 Bxd5 38. Qxe5 Re8 39. Qxd5 Rxe3 40.
Qxf7+ Kxf7 41. Rd5 a4 42. Rxf5+ Kg6 43. Rb5 Re2 44. bxa4 Rxa2 45. a5 Ra3 46. g4
Ra4 47. c5 Kh7 48. Kg3 Kg6 49. Kf3 Kh7 50. h4 Kg8 51. h5 Kf8 52. Ke3 Ke8 53.
Rxb7 Rxa5 54. Rxg7 Rxc5 55. Rg6 Rc4 56. Kf3 1-0

[Event "Orsha IM Group 2019"]
[Site "Orsha"]
[Date "2019.01.21"]
[Round "6.2"]
[White "Hoghmrtsyan, Artur"]
[Black "Novitzkij, Dmitrij"]
[Result "1/2-1/2"]
[WhiteElo "2303"]
[BlackElo "2312"]
[PlyCount "60"]
[EventDate "2019.01.18"]
[EventType "swiss"]
[EventRounds "9"]
[EventCountry "BLR"]

1. d4 d5 2. c4 dxc4 3. e3 e5 4. Bxc4 exd4 5. exd4 Nf6 6. Nf3 Bb4+ 7. Nc3 O-O 8.
O-O Nc6 9. a3 Bd6 10. h3 Bf5 11. Re1 Re8 12. Be3 a6 13. Nh4 Be6 14. Bxe6 Rxe6
15. Nf5 Ne7 16. Nxe7+ Qxe7 17. Qf3 c6 18. Red1 Re8 19. d5 cxd5 20. Nxd5 Nxd5
21. Rxd5 Re5 22. Rad1 Rxd5 23. Qxd5 Bc7 24. a4 Rd8 25. Qf3 Rxd1+ 26. Qxd1 Qd6
27. Qxd6 Bxd6 28. Kf1 Kf8 29. Ke2 Ke7 30. Kd3 Kd7 1/2-1/2

[Event "Orsha IM Group 2019"]
[Site "Orsha"]
[Date "2019.01.21"]
[Round "6.3"]
[White "Kononenko, Dmitry"]
[Black "Yashmetov, Mikhail"]
[Result "1/2-1/2"]
[WhiteElo "2222"]
[BlackElo "2359"]
[PlyCount "85"]
[EventDate "2019.01.18"]
[EventType "swiss"]
[EventRounds "9"]
[EventCountry "BLR"]

1. c4 e5 2. g3 Nf6 3. Bg2 d5 4. cxd5 Nxd5 5. Nc3 Nb6 6. Nf3 Nc6 7. O-O Be7 8.
a3 O-O 9. d3 Be6 10. Bd2 f6 11. Rc1 Na5 12. b4 Nb3 13. Rc2 a5 14. Rb2 axb4 15.
axb4 Ra1 16. Qc2 Rxf1+ 17. Kxf1 Nd4 18. Nxd4 exd4 19. Na4 Bd5 20. Nxb6 cxb6 21.
Bxd5+ Qxd5 22. Qb3 Qxb3 23. Rxb3 Ra8 24. Rb2 Kf7 25. Rc2 Ke6 26. Kg2 g5 27. h3
h5 28. g4 hxg4 29. hxg4 Bd6 30. Kf3 Rh8 31. Rc4 Kd5 32. e3 Be5 33. exd4 Bd6 34.
Rc1 Ra8 35. Rh1 Ra2 36. Be3 Bxb4 37. Rh7 Bd6 38. Rxb7 Rb2 39. Rf7 Ke6 40. Rb7
Kd5 41. Rf7 Ke6 42. Rb7 Kd5 43. Rf7 1/2-1/2

[Event "Orsha IM Group 2019"]
[Site "Orsha"]
[Date "2019.01.21"]
[Round "6.4"]
[White "Martynyuk, Elizaveta"]
[Black "Tsaruk, Maksim"]
[Result "0-1"]
[WhiteElo "2120"]
[BlackElo "2244"]
[PlyCount "116"]
[EventDate "2019.01.18"]
[EventType "swiss"]
[EventRounds "9"]
[EventCountry "BLR"]

1. e4 e5 2. Nf3 Nc6 3. Bc4 Bc5 4. c3 Nf6 5. d3 d6 6. Bb3 a6 7. Nbd2 O-O 8. O-O
Ba7 9. Re1 h6 10. Nf1 Ne7 11. Nh4 Bg4 12. Qd2 g5 13. h3 Be6 14. Nf3 Nh7 15. h4
Bxb3 16. axb3 f6 17. N3h2 f5 18. exf5 Nxf5 19. hxg5 Nxg5 20. Ng4 Kh7 21. Qe2
Rf7 22. Nfe3 Qd7 23. Nd5 Raf8 24. d4 exd4 25. Qd3 Kg7 26. Nxh6 Nxh6 27. Bxg5
dxc3 28. Qxc3+ Kg6 29. Re7 Bxf2+ 30. Kh1 Qg4 31. Bxh6 Qh5+ 32. Qh3 Qxh3+ 33.
gxh3 Kxh6 34. Rxc7 Rxc7 35. Nxc7 Rc8 36. Rf1 Bd4 37. Rd1 Be5 38. Ne6 Kh5 39.
Nd4 Rc5 40. Nf5 Rc6 41. Rd5 Kg5 42. Nxd6 Kf4 43. Nc4 Bc7 44. Kg2 b5 45. Rd4+
Kf5 46. Ne3+ Ke5 47. Rd2 Bb6 48. Ng4+ Kf4 49. Re2 Rd6 50. Rc2 a5 51. Re2 Rd3
52. Ne5 Rg3+ 53. Kh2 Rxb3 54. Nd7 Bd4 55. Nf8 Kf5 56. Re7 Rxb2+ 57. Kh1 a4 58.
Ne6 Bf6 0-1

[Event "Orsha IM Group 2019"]
[Site "Orsha"]
[Date "2019.01.21"]
[Round "6.5"]
[White "Gogolev, Artem"]
[Black "Alekseev, Vadim"]
[Result "1-0"]
[WhiteElo "2397"]
[BlackElo "2364"]
[PlyCount "103"]
[EventDate "2019.01.18"]
[EventType "swiss"]
[EventRounds "9"]
[EventCountry "BLR"]

1. Nf3 d6 2. d4 Bg4 3. g3 Bxf3 4. exf3 e6 5. c4 c6 6. Nc3 d5 7. Bd3 dxc4 8.
Bxc4 Nf6 9. h4 Nbd7 10. Bb3 Nb6 11. h5 Qd7 12. h6 O-O-O 13. hxg7 Bxg7 14. Bh6
Rhg8 15. Bxg7 Rxg7 16. Rh4 Qc7 17. Qe2 Nbd5 18. Qe5 Qxe5+ 19. dxe5 Nd7 20. f4
Nxc3 21. bxc3 Nf8 22. Ke2 Kd7 23. Bc2 Ke7 24. Be4 Ng6 25. Rh6 f5 26. exf6+ Kxf6
27. Rah1 Rdd7 28. Ke3 Rdf7 29. Rb1 b6 30. a4 Ke7 31. Bxc6 e5 32. f5 Rxf5 33. a5
bxa5 34. Rb7+ Kf8 35. Rxh7 Rxh7 36. Rxh7 Ne7 37. Be4 Rf6 38. Rh8+ Kf7 39. Ra8
Ra6 40. Bd3 Rc6 41. Rxa7 Rxc3 42. Rxa5 Nc6 43. Ra4 Rc5 44. Ke4 Ne7 45. f3 Kf6
46. Ra6+ Rc6 47. Ra5 Rb6 48. Ke3 Rb3 49. Ra6+ Kg5 50. Ke4 Ng6 51. Re6 Ra3 52.
Ke3 1-0

[Event "Orsha IM Group 2019"]
[Site "Orsha"]
[Date "2019.01.22"]
[Round "7.1"]
[White "Alekseev, Vadim"]
[Black "Badelka, Olga"]
[Result "1/2-1/2"]
[WhiteElo "2364"]
[BlackElo "2387"]
[PlyCount "69"]
[EventDate "2019.01.18"]
[EventType "swiss"]
[EventRounds "9"]
[EventCountry "BLR"]

1. d4 d5 2. Nf3 Nf6 3. e3 c5 4. dxc5 Qa5+ 5. Nbd2 e6 6. Be2 Bxc5 7. O-O Qc7 8.
a3 O-O 9. c4 dxc4 10. Bxc4 e5 11. b4 Bd6 12. e4 Nc6 13. Bb2 Bg4 14. h3 Bh5 15.
Re1 Rfd8 16. Qb3 a5 17. b5 a4 18. Qe3 Na5 19. Rac1 Qe7 20. Nh4 Bg6 21. Nxg6
hxg6 22. Rc2 Nxc4 23. Nxc4 Bc5 24. Qf3 Bd4 25. Rec1 Qc5 26. b6 Bxb2 27. Rxb2
Rd4 28. Rbc2 Rad8 29. Qg3 Nd7 30. Qg5 Nxb6 31. Nxb6 Qxb6 32. Qxe5 Rd3 33. Qe7
R3d7 34. Qh4 Qf6 35. Qg4 1/2-1/2

[Event "Orsha IM Group 2019"]
[Site "Orsha"]
[Date "2019.01.22"]
[Round "7.2"]
[White "Tsaruk, Maksim"]
[Black "Gogolev, Artem"]
[Result "1/2-1/2"]
[WhiteElo "2244"]
[BlackElo "2397"]
[PlyCount "67"]
[EventDate "2019.01.18"]
[EventType "swiss"]
[EventRounds "9"]
[EventCountry "BLR"]

1. e4 d5 2. exd5 Qxd5 3. Nc3 Qd6 4. d4 Nf6 5. Nb5 Qb6 6. c4 c6 7. Nc3 g6 8. h3
Bg7 9. Nf3 O-O 10. Bd3 Nbd7 11. O-O Qc7 12. Re1 e6 13. Be3 b6 14. Rc1 Bb7 15.
c5 Nd5 16. Nxd5 exd5 17. Qd2 bxc5 18. dxc5 Ne5 19. Nxe5 Bxe5 20. Re2 Rfe8 21.
Rce1 Bf6 22. Bg5 Rxe2 23. Rxe2 Bxg5 24. Qxg5 Qa5 25. Qf6 Rf8 26. Re7 Ba6 27.
Bf5 gxf5 28. Qg5+ Kh8 29. Qf6+ Kg8 30. Re3 f4 31. Qg5+ Kh8 32. Qf6+ Kg8 33.
Qg5+ Kh8 34. Qf6+ 1/2-1/2

[Event "Orsha IM Group 2019"]
[Site "Orsha"]
[Date "2019.01.22"]
[Round "7.3"]
[White "Yashmetov, Mikhail"]
[Black "Martynyuk, Elizaveta"]
[Result "1-0"]
[WhiteElo "2359"]
[BlackElo "2120"]
[PlyCount "117"]
[EventDate "2019.01.18"]
[EventType "swiss"]
[EventRounds "9"]
[EventCountry "BLR"]

1. Nf3 d5 2. g3 Nf6 3. Bg2 Bf5 4. O-O c6 5. c4 e6 6. cxd5 exd5 7. d3 Be7 8. Nc3
O-O 9. Nd4 Bg6 10. e4 dxe4 11. dxe4 Nbd7 12. Bf4 Nc5 13. Nf5 Bxf5 14. exf5 Nd3
15. Be3 Ne5 16. Qb3 Qd3 17. Qxb7 Rfe8 18. Bf4 Qxf5 19. Bxe5 Qxe5 20. Rfe1 Qc5
21. Qxc6 Rac8 22. Qxc5 Bxc5 23. Bf3 h6 24. Rxe8+ Rxe8 25. Rd1 g5 26. h3 Kg7 27.
Kf1 Re5 28. g4 Re7 29. Na4 Bb4 30. a3 Ba5 31. b4 Bc7 32. Nb2 Nd7 33. a4 Ne5 34.
Bg2 Rd7 35. Ke2 Rxd1 36. Nxd1 Kf6 37. Ne3 Bd6 38. b5 Ke6 39. Bd5+ Kd7 40. Nf5
Bf8 41. a5 Kc7 42. Ke3 Bb4 43. Ke4 f6 44. b6+ axb6 45. a6 Kb8 46. Nd4 b5 47.
Nxb5 Bc5 48. f3 Ng6 49. Bc4 Nf4 50. h4 Ng6 51. h5 Ne7 52. Nc3 Nc8 53. Bd3 Kc7
54. Kf5 Ne7+ 55. Ke6 Nc6 56. Nb5+ Kb6 57. a7 Nxa7 58. Nxa7 Kxa7 59. Kxf6 1-0

[Event "Orsha IM Group 2019"]
[Site "Orsha"]
[Date "2019.01.22"]
[Round "7.4"]
[White "Novitzkij, Dmitrij"]
[Black "Kononenko, Dmitry"]
[Result "1/2-1/2"]
[WhiteElo "2312"]
[BlackElo "2222"]
[PlyCount "47"]
[EventDate "2019.01.18"]
[EventType "swiss"]
[EventRounds "9"]
[EventCountry "BLR"]

1. e4 c6 2. d4 d5 3. exd5 cxd5 4. Bd3 Nf6 5. c3 Nc6 6. Bf4 g6 7. Nf3 Bf5 8.
Bxf5 gxf5 9. Nbd2 Rg8 10. O-O e6 11. c4 Bd6 12. Bxd6 Qxd6 13. Rc1 Ne4 14. Re1
Rd8 15. Nf1 dxc4 16. Rxc4 b5 17. Rc1 Nxd4 18. Nxd4 Qxd4 19. Qxd4 Rxd4 20. Rc8+
Rd8 21. Rc7 Rd7 22. Rc8+ Rd8 23. Rc7 Rd7 24. Rc8+ 1/2-1/2

[Event "Orsha IM Group 2019"]
[Site "Orsha"]
[Date "2019.01.22"]
[Round "7.5"]
[White "Goltseva, Ekaterina"]
[Black "Hoghmrtsyan, Artur"]
[Result "1/2-1/2"]
[WhiteElo "2141"]
[BlackElo "2303"]
[PlyCount "104"]
[EventDate "2019.01.18"]
[EventType "swiss"]
[EventRounds "9"]
[EventCountry "BLR"]

1. d4 d5 2. c4 e6 3. Nc3 Be7 4. cxd5 exd5 5. Bf4 c6 6. e3 Bf5 7. g4 Be6 8. h4
Nd7 9. Bg3 Qb6 10. Rb1 Qa5 11. Bh3 Ngf6 12. f3 c5 13. Nge2 Nb6 14. Kf2 O-O 15.
Qd3 Nc4 16. Kg2 Rac8 17. Be1 Qc7 18. Bg3 Qb6 19. Na4 Qb4 20. Nxc5 Bxc5 21. dxc5
Rfe8 22. Bf2 Qxc5 23. Qd4 Qa5 24. a3 Bd7 25. Nf4 Qd2 26. Qxd2 Nxd2 27. Rbc1
Rxc1 28. Rxc1 Rc8 29. Rxc8+ Bxc8 30. g5 Bxh3+ 31. Kxh3 Nd7 32. Nxd5 Nxf3 33. e4
a6 34. Kg3 Nfe5 35. Bd4 Nc6 36. Bc3 Nc5 37. Kf4 Ne6+ 38. Ke3 Kf8 39. Nb6 Ke8
40. Nc4 Kd7 41. Kf3 b5 42. Ne3 Ke8 43. Nf5 Kf8 44. Ke3 a5 45. b4 axb4 46. axb4
Kg8 47. Nd6 Nc7 48. Nf5 Ne6 49. Kf3 Kf8 50. Ke3 Kg8 51. Nd6 Nc7 52. Kd3 Kf8
1/2-1/2

[Event "Orsha IM Group 2019"]
[Site "Orsha"]
[Date "2019.01.23"]
[Round "8.1"]
[White "Badelka, Olga"]
[Black "Hoghmrtsyan, Artur"]
[Result "1/2-1/2"]
[WhiteElo "2387"]
[BlackElo "2303"]
[PlyCount "106"]
[EventDate "2019.01.18"]
[EventType "swiss"]
[EventRounds "9"]
[EventCountry "BLR"]

1. c4 e6 2. Nf3 d5 3. e3 Nf6 4. b3 b6 5. Bb2 Bb7 6. Be2 Bd6 7. Nc3 a6 8. Qc2
O-O 9. cxd5 exd5 10. Rg1 c5 11. g4 d4 12. g5 Nd5 13. Nxd5 Bxd5 14. Qf5 Bc7 15.
Bc4 Bxc4 16. bxc4 Re8 17. Kf1 Nc6 18. exd4 cxd4 19. Rg4 g6 20. Qd5 Qxd5 21.
cxd5 Ne7 22. Rxd4 Bd6 23. Re1 Red8 24. Ne5 Bc5 25. Rf4 Nxd5 26. Rxf7 Rf8 27.
Rg7+ Kxg7 28. Ng4+ Rf6 29. Nxf6 Nxf6 30. Bxf6+ Kf7 31. h4 Bb4 32. Re4 a5 33.
Rc4 Ra7 34. d4 b5 35. Rc8 Bf8 36. Ke2 b4 37. Kd3 a4 38. d5 Rb7 39. Rc1 Bd6 40.
Rc6 Bf8 41. Bd4 b3 42. axb3 Rxb3+ 43. Ke4 a3 44. Rc7+ Ke8 45. Ra7 Bd6 46. Ra8+
Kd7 47. Bf6 Rb4+ 48. Kd3 Rxh4 49. Ra7+ Kc8 50. Bd4 Rh5 51. Kc4 Rh4 52. Kd3 Rh5
53. Kc4 Rh4 1/2-1/2

[Event "Orsha IM Group 2019"]
[Site "Orsha"]
[Date "2019.01.23"]
[Round "8.2"]
[White "Kononenko, Dmitry"]
[Black "Goltseva, Ekaterina"]
[Result "1-0"]
[WhiteElo "2222"]
[BlackElo "2141"]
[PlyCount "121"]
[EventDate "2019.01.18"]
[EventType "swiss"]
[EventRounds "9"]
[EventCountry "BLR"]

1. Nf3 Nf6 2. c4 e6 3. g3 d5 4. Bg2 dxc4 5. Ne5 Qd4 6. Nf3 Qc5 7. O-O Be7 8. b3
cxb3 9. Qxb3 Qb6 10. Qc2 O-O 11. Nc3 c6 12. d4 Nbd7 13. e4 e5 14. d5 cxd5 15.
exd5 Qc7 16. Rd1 Bd6 17. Bb2 Nb6 18. Rac1 Bd7 19. Qe2 Qd8 20. Nb5 Bxb5 21. Qxb5
Qe8 22. Qb3 Nfd7 23. Ng5 Nf6 24. Nf3 Nfd7 25. Re1 Qb8 26. Bh3 Re8 27. Qb5 Qd8
28. Nd2 Nf6 29. Rcd1 Re7 30. Nf1 Qe8 31. Qe2 Na4 32. Ba1 Rc7 33. Ne3 Nc3 34.
Bxc3 Rxc3 35. Nc4 Rd8 36. Nxe5 Bxe5 37. Qxe5 Qxe5 38. Rxe5 Rc5 39. Re7 Rb5 40.
d6 Kf8 41. Rc7 Nd5 42. Bf1 Ra5 43. Rxb7 Rxd6 44. Bc4 a6 45. Rb2 Rc5 46. Bb3 Ke7
47. Rbd2 Ke6 48. f4 f5 49. Kf2 g6 50. Rd3 Rd8 51. h3 Rd6 52. g4 a5 53. a4 Rd7
54. gxf5+ gxf5 55. Kg3 Rd6 56. Kh4 Rd7 57. Kg5 Rg7+ 58. Kh6 Rd7 59. h4 Rd6 60.
Rxd5 Rcxd5 61. Rxd5 1-0

[Event "Orsha IM Group 2019"]
[Site "Orsha"]
[Date "2019.01.23"]
[Round "8.3"]
[White "Martynyuk, Elizaveta"]
[Black "Novitzkij, Dmitrij"]
[Result "0-1"]
[WhiteElo "2120"]
[BlackElo "2312"]
[PlyCount "84"]
[EventDate "2019.01.18"]
[EventType "swiss"]
[EventRounds "9"]
[EventCountry "BLR"]

1. e4 c6 2. Nc3 d5 3. Nf3 Bg4 4. h3 Bxf3 5. Qxf3 e6 6. d3 Nd7 7. Bd2 Ngf6 8. g4
h6 9. Qg3 Qb6 10. e5 Ng8 11. O-O-O Ne7 12. f4 O-O-O 13. d4 Qxd4 14. Qe1 Qb6 15.
Be3 c5 16. Nb5 Nc6 17. f5 a6 18. Nd6+ Bxd6 19. exd6 d4 20. fxe6 fxe6 21. Bd2 e5
22. Bc4 Nf6 23. h4 Rxd6 24. g5 Nd7 25. Rf1 hxg5 26. hxg5 Nd8 27. Qe4 Qc6 28.
Qg4 Kb8 29. Kb1 Ka7 30. Bd3 c4 31. Be4 Qb5 32. Bc1 Nc5 33. Rf5 Na4 34. Ka1 Ne6
35. Qg3 Nec5 36. Qxe5 Rhd8 37. Qxg7 R8d7 38. Qh8 Re7 39. Bd5 Nb6 40. Qf8 Rxd5
41. Bf4 Qe8 42. Qf6 Ncd7 0-1

[Event "Orsha IM Group 2019"]
[Site "Orsha"]
[Date "2019.01.23"]
[Round "8.4"]
[White "Gogolev, Artem"]
[Black "Yashmetov, Mikhail"]
[Result "1/2-1/2"]
[WhiteElo "2397"]
[BlackElo "2359"]
[PlyCount "94"]
[EventDate "2019.01.18"]
[EventType "swiss"]
[EventRounds "9"]
[EventCountry "BLR"]

1. d4 g6 2. Nf3 Bg7 3. c4 Nf6 4. Nc3 d5 5. cxd5 Nxd5 6. Qa4+ c6 7. e4 Nxc3 8.
bxc3 O-O 9. Ba3 b6 10. Rc1 c5 11. Be2 Bb7 12. dxc5 Qd7 13. Qxd7 Nxd7 14. cxb6
axb6 15. Bxe7 Rfe8 16. Bg5 Nc5 17. O-O Nxe4 18. Bc4 b5 19. Bb3 Nxc3 20. Rc2 h6
21. Be3 Rad8 22. Re1 Bd5 23. Bd2 Rxe1+ 24. Nxe1 Bxb3 25. axb3 Ne2+ 26. Kf1 Nd4
27. Rc3 Nxb3 28. Rxb3 Rxd2 29. Rxb5 Bd4 30. Nf3 Rxf2+ 31. Ke1 Rxg2 32. Nxd4
Rxh2 33. Nf3 Ra2 34. Ne5 Ra6 35. Kf2 Kg7 36. Kg3 g5 37. Rc5 Ra7 38. Ng4 f6 39.
Rc6 Rf7 40. Ne3 f5 41. Kf3 h5 42. Nc4 Rb7 43. Ne5 Rb3+ 44. Kg2 Rb2+ 45. Kg1
Rb1+ 46. Kg2 Rb2+ 47. Kg1 Rb1+ 1/2-1/2

[Event "Orsha IM Group 2019"]
[Site "Orsha"]
[Date "2019.01.23"]
[Round "8.5"]
[White "Alekseev, Vadim"]
[Black "Tsaruk, Maksim"]
[Result "1/2-1/2"]
[WhiteElo "2364"]
[BlackElo "2244"]
[PlyCount "93"]
[EventDate "2019.01.18"]
[EventType "swiss"]
[EventRounds "9"]
[EventCountry "BLR"]

1. d4 Nf6 2. Nf3 b6 3. c4 e6 4. e3 Bb7 5. Bd3 d5 6. cxd5 exd5 7. Nc3 Bd6 8. O-O
O-O 9. b3 Nbd7 10. Bb2 a6 11. Rc1 Ne4 12. Ne2 Qe7 13. Ng3 f5 14. Qc2 Rf7 15.
Rfe1 g6 16. Re2 Raf8 17. Nd2 Rg7 18. Ngf1 g5 19. f3 g4 20. fxe4 fxe4 21. Bxe4
dxe4 22. Nc4 Bxh2+ 23. Nxh2 g3 24. Nf1 Qh4 25. Nxg3 Qxg3 26. Ne5 Nf6 27. Rf1
Rg5 28. Rxf6 Rxf6 29. Qc4+ Kg7 30. Qxc7+ Kh6 31. d5 Bxd5 32. Qe7 Rff5 33. Qd6+
Rg6 34. Qxd5 Rgf6 35. Qd1 Rxe5 36. Bxe5 Qxe5 37. Rd2 Qg3 38. Qe2 Rf3 39. Rd5
Kg7 40. Qd2 Rf6 41. Qc3 Qf2+ 42. Kh2 Qh4+ 43. Kg1 Qf2+ 44. Kh2 Kg6 45. Qe5 Qh4+
46. Kg1 Qe1+ 47. Kh2 1/2-1/2

[Event "Orsha IM Group 2019"]
[Site "Orsha"]
[Date "2019.01.24"]
[Round "9.1"]
[White "Tsaruk, Maksim"]
[Black "Badelka, Olga"]
[Result "0-1"]
[WhiteElo "2244"]
[BlackElo "2387"]
[PlyCount "112"]
[EventDate "2019.01.18"]
[EventType "swiss"]
[EventRounds "9"]
[EventCountry "BLR"]

1. e4 c5 2. Nf3 e6 3. d4 cxd4 4. Nxd4 Nc6 5. Nc3 Qc7 6. g3 a6 7. Bg2 Nf6 8. O-O
h5 9. Nxc6 dxc6 10. h3 e5 11. Qf3 Be6 12. Bg5 Be7 13. Rad1 Rb8 14. Rd2 Qc8 15.
Rfd1 Bxh3 16. Bxh3 Qxh3 17. Bxf6 Bxf6 18. Qf5 Qxf5 19. exf5 Rd8 20. Ne4 Rxd2
21. Rxd2 Ke7 22. Nc5 b6 23. Nxa6 Bg5 24. Rd1 h4 25. gxh4 Rxh4 26. Nb8 Kf6 27.
Nxc6 Rc4 28. Rd6+ Kxf5 29. c3 b5 30. Kf1 Bc1 31. Ne7+ Kg5 32. b4 Rxc3 33. Rb6
Bb2 34. Rxb5 Rc1+ 35. Kg2 Bd4 36. a4 Rc2 37. a5 Rxf2+ 38. Kg3 f5 39. Rxe5 Kf6
40. Re1 Rb2 41. Nd5+ Kg5 42. Re6 Rb3+ 43. Kg2 f4 44. Re1 f3+ 45. Kh2 f2 46. Rd1
Rd3 47. Rf1 Kg4 48. b5 Rh3+ 49. Kg2 Rg3+ 50. Kh2 Rg1 51. Rxf2 Bxf2 52. b6 Rb1
53. Kg2 Rb2 54. Kf1 Kf3 55. Nc3 Rc2 56. b7 Rc1+ 0-1

[Event "Orsha IM Group 2019"]
[Site "Orsha"]
[Date "2019.01.24"]
[Round "9.2"]
[White "Yashmetov, Mikhail"]
[Black "Alekseev, Vadim"]
[Result "1/2-1/2"]
[WhiteElo "2359"]
[BlackElo "2364"]
[PlyCount "51"]
[EventDate "2019.01.18"]
[EventType "swiss"]
[EventRounds "9"]
[EventCountry "BLR"]

1. Nf3 b5 2. g3 Bb7 3. Bg2 Nf6 4. O-O e6 5. d3 Be7 6. c4 bxc4 7. dxc4 O-O 8.
Qc2 c5 9. Nc3 d6 10. Rd1 Qb6 11. b3 Rd8 12. Bb2 Bc6 13. Ng5 Bxg2 14. Kxg2 Nbd7
15. Kg1 h6 16. Nge4 Qc6 17. Rd2 d5 18. cxd5 exd5 19. Nxf6+ Nxf6 20. Na4 Ne4 21.
Rdd1 Rac8 22. Rac1 Bg5 23. Ra1 Be7 24. Rac1 Bg5 25. Ra1 Be7 26. Rac1 1/2-1/2

[Event "Orsha IM Group 2019"]
[Site "Orsha"]
[Date "2019.01.24"]
[Round "9.3"]
[White "Novitzkij, Dmitrij"]
[Black "Gogolev, Artem"]
[Result "1/2-1/2"]
[WhiteElo "2312"]
[BlackElo "2397"]
[PlyCount "32"]
[EventDate "2019.01.18"]
[EventType "swiss"]
[EventRounds "9"]
[EventCountry "BLR"]

1. e4 e5 2. Nf3 Nf6 3. Nxe5 d6 4. Nf3 Nxe4 5. Qe2 Qe7 6. d3 Nf6 7. Bg5 Qxe2+ 8.
Bxe2 Be7 9. Nc3 Be6 10. O-O-O Nbd7 11. Nd4 Bg4 12. Nf3 Be6 13. Nd4 Bg4 14. Nf3
Be6 15. Nd4 Bg4 16. Nf3 Be6 $11 1/2-1/2

[Event "Orsha IM Group 2019"]
[Site "Orsha"]
[Date "2019.01.24"]
[Round "9.4"]
[White "Goltseva, Ekaterina"]
[Black "Martynyuk, Elizaveta"]
[Result "1-0"]
[WhiteElo "2141"]
[BlackElo "2120"]
[PlyCount "109"]
[EventDate "2019.01.18"]
[EventType "swiss"]
[EventRounds "9"]
[EventCountry "BLR"]

1. d4 d5 2. c4 c6 3. Nf3 Nf6 4. e3 e6 5. b3 c5 6. cxd5 Nxd5 7. Bb2 cxd4 8. Nxd4
e5 9. Nb5 Bb4+ 10. N1c3 Be6 11. a3 Bxc3+ 12. Nxc3 Nc6 13. b4 Nxc3 14. Bxc3
Qxd1+ 15. Rxd1 f6 16. Bd3 Kf7 17. b5 Ne7 18. Be4 Rac8 19. Bb4 b6 20. O-O f5 21.
Bb1 g6 22. e4 f4 23. f3 Bc4 24. Bd3 Bb3 25. Rb1 Ba4 26. Rbc1 Rhd8 27. Be2 g5
28. Kf2 Ng6 29. Rh1 h5 30. Rc4 Bb3 31. Rxc8 Rxc8 32. Rb1 Ba4 33. Rb2 Bc2 34.
Ke1 Nh4 35. Kd2 Ba4 36. Bf1 g4 37. fxg4 hxg4 38. Bc3 f3 39. g3 Ng6 40. Rb4 Rd8+
41. Ke3 Bc2 42. Rb2 Bd1 43. Rb1 Kf6 44. Bd2 Bc2 45. Rb4 Ne7 46. Rb2 Rc8 47. h3
Kg5 48. Bb4 Ng6 49. hxg4 Kxg4 50. Be1 Bxe4 51. Rb4 f2 52. Rxe4+ Kf5 53. Bxf2
Rc3+ 54. Bd3 Ke6 55. Rc4 1-0

[Event "Orsha IM Group 2019"]
[Site "Orsha"]
[Date "2019.01.24"]
[Round "9.5"]
[White "Hoghmrtsyan, Artur"]
[Black "Kononenko, Dmitry"]
[Result "1-0"]
[WhiteElo "2303"]
[BlackElo "2222"]
[PlyCount "117"]
[EventDate "2019.01.18"]
[EventType "swiss"]
[EventRounds "9"]
[EventCountry "BLR"]

1. d4 Nf6 2. g3 d5 3. Bg2 g6 4. c4 Bg7 5. Nc3 c6 6. cxd5 Nxd5 7. Nf3 O-O 8. O-O
Nd7 9. e4 Nxc3 10. bxc3 c5 11. Be3 b6 12. e5 Bb7 13. Qb3 e6 14. Rfd1 cxd4 15.
cxd4 Bd5 16. Qa4 a6 17. Rac1 b5 18. Qa3 Nb6 19. Nd2 Bxg2 20. Kxg2 Qd5+ 21. Kg1
Qb7 22. Qd3 Rfd8 23. Bg5 Rdc8 24. Ne4 Rxc1 25. Rxc1 Rc8 26. Rd1 Qd5 27. a3 Nd7
28. Nd6 Rc6 29. Ne8 Rc8 30. Nxg7 Kxg7 31. Qe3 f5 32. exf6+ Kf7 33. Qf4 a5 34.
Qd2 Rc4 35. Bh6 b4 36. axb4 axb4 37. Bg7 b3 38. Qh6 Qh5 39. Qd2 Qf3 40. d5 e5
41. Rf1 Rd4 42. Qh6 Qh5 43. Qe3 b2 44. Qb3 Qe2 45. Qb7 Qg4 46. Qxb2 Rxd5 47.
Qb7 Qe6 48. Qa8 g5 49. Qh8 Kg6 50. Bf8 Nxf8 51. Qg7+ Kf5 52. Qxf8 Qxf6 53. Qg8
Rd7 54. Ra1 Qf7 55. Qh8 Qd5 56. Ra8 Kg4 57. Qf6 Rf7 58. Ra4+ e4 59. f3+ 1-0